000 02186cas a22003137c 4500
001 136175
003 UA-OsUOA
005 20230612112633.0
007 ta
008 201903c1996 un br|p||00| 0 ukrcdrus d
022 _a18199429
040 _aUA-OsUOA
_brus
_cUA-OsUOA
_dUA-OsUOA
041 _arus
044 _aUA
080 _a338
090 _a338
_bБ59
099 _a40226
245 _aБизнес и безопасность
_cглав. ред. Билецкий С. Я.
_bинформационно-рекламный, практический журнал для тех, кому есть что защищать
260 _aК.
_bТОВ СМПГ "ШАНС"
_c1996
310 _aодин раз на два місяці
505 _aБізнесовий, спеціалізований часопис з питань безпеки в Україні. Містить: офіційну інформацію, тематичні статті фахівців у галузі безпеки, повідомлення з виставок, семінарів та конференцій, новини технічних систем безпеки (охоронної і пожежної сигналізації, систем контролю доступу та відеоспостереження), засобів зв'язку, пожежогасіння, индивідуального захисту, засобів захисту інформації і комп'ютерної безпеки, спецтранспорту, информацію про компанії, продукцію та послуги, що пройшли сертифікацию, комерційні пропозиції. Читачами є керівники, начальники служб безпеки підприємств, фахівці галузі безпеки та підприємці. Розповсюдження — Україна та закордон.
650 7 _a338
_2UDC
856 4 0 _uhttps://www.bsm.com.ua/
942 _cMG
_2udc
_s1
955 _a0
962 _d1996
999 _c410056
_d410056